000 00555nam a2200181Ia 4500
003 OSt
005 20260328105012.0
008 211028s2010 xx 000 0 und d
040 _cAIMIT LIBRARY
041 _aeng
082 _a658.8 SAVD
100 _aSavant, Denis;Sridhar, Sambatur.
_g816014
_96415
245 _aExploratory study on promotional strategies for setting up an extension counter for four wheelers in rural areas /
260 _bSridhar, Sambatur
_c2010
600 _aMarketing
_96416
650 _aMarketing
_96417
942 _2ddc
_cPRO
999 _c218230
_d218230